|
|
|
|
| LEADER |
00000cam a22000004a 4500 |
| 001 |
musev2_98733 |
| 003 |
MdBmJHUP |
| 005 |
20230905053345.0 |
| 006 |
m o d |
| 007 |
cr||||||||nn|n |
| 008 |
220125s2021 dcu o 00 0 eng d |
| 020 |
|
|
|a 9780813235332
|
| 020 |
|
|
|z 9780813235325
|
| 035 |
|
|
|a (OCoLC)1313071896
|
| 040 |
|
|
|a MdBmJHUP
|c MdBmJHUP
|
| 245 |
1 |
0 |
|a Martin Luther and the Shaping of the Catholic Tradtion /
|c edited by Nelson H. Minnich and Michael Root.
|
| 264 |
|
1 |
|a Washington, D.C. :
|b The Catholic University of America Press,
|c [2021]
|
| 264 |
|
3 |
|a Baltimore, Md. :
|b Project MUSE,
|c 2022
|
| 264 |
|
4 |
|c ©[2021]
|
| 300 |
|
|
|a 1 online resource (290 pages).
|
| 336 |
|
|
|a text
|b txt
|2 rdacontent
|
| 337 |
|
|
|a computer
|b c
|2 rdamedia
|
| 338 |
|
|
|a online resource
|b cr
|2 rdacarrier
|
| 588 |
|
|
|a Description based on print version record.
|
| 600 |
1 |
7 |
|a Luther, Martin,
|d 1483-1546.
|2 fast
|0 (OCoLC)fst00040681
|
| 600 |
1 |
0 |
|a Luther, Martin,
|d 1483-1546
|x Influence
|v Congresses.
|
| 610 |
2 |
7 |
|a Catholic Church.
|2 fast
|0 (OCoLC)fst00531720
|
| 610 |
2 |
6 |
|a Église catholique
|x Histoire
|y 1500-
|v Congres.
|
| 610 |
2 |
0 |
|a Catholic Church
|x Relations
|x Protestant churches
|v Congresses.
|
| 610 |
2 |
0 |
|a Catholic Church
|x Relations
|x Lutheran Church
|v Congresses.
|
| 610 |
2 |
0 |
|a Catholic Church
|x History
|y Modern period, 1500-
|v Congresses.
|
| 650 |
|
7 |
|a Influence (Literary, artistic, etc.)
|2 fast
|0 (OCoLC)fst00972484
|
| 650 |
|
0 |
|a Protestant churches
|x Relations
|x Catholic Church
|v Congresses.
|
| 650 |
|
0 |
|a Lutheran Church
|x Relations
|x Catholic Church
|v Congresses.
|
| 655 |
|
7 |
|a History.
|2 fast
|0 (OCoLC)fst01411628
|
| 655 |
|
7 |
|a Conference papers and proceedings.
|2 fast
|0 (OCoLC)fst01423772
|
| 655 |
|
7 |
|a Electronic books.
|2 local
|
| 700 |
1 |
|
|a Root, Michael,
|d 1951-
|e editor.
|
| 700 |
1 |
|
|a Minnich, Nelson H.,
|e editor.
|
| 710 |
2 |
|
|a Project Muse.
|e distributor
|
| 830 |
|
0 |
|a Book collections on Project MUSE.
|
| 856 |
4 |
0 |
|z Texto completo
|u https://projectmuse.uam.elogim.com/book/98733/
|
| 945 |
|
|
|a Project MUSE - Custom Collection
|
| 945 |
|
|
|a Project MUSE - 2022 Philosophy and Religion
|
| 945 |
|
|
|a Project MUSE - 2022 Complete
|